Poder, educación y conciencia: sociología de la transmisión cultural

Saved in:
Bibliografiske detaljer
Hovedforfatter: Bernstein, Basil (Author)
Format: Bog
Sprog:spansk
Udgivet: Santiago C.I.D.E 1988
Fag:
Tags: Tilføj Tag
Ingen Tags, Vær først til at tagge denne postø!

MARC

LEADER 00000nam a2200000 a 4500
001 UCW3889
003 CL-VaPUC
008 890519e19880000CL |||||||||||||||||spa|d
082 0 4 |a 306.43  |b BER  |2 21 
100 0 |a Bernstein, Basil  |e author  |9 308313 
245 1 0 |a Poder, educación y conciencia: sociología de la transmisión cultural 
300 |a 161 p 
942 |c BK 
945 |d 19890519 00:00:00 
260 |a Santiago  |b C.I.D.E  |c 1988 
650 0 |a Sociología de la educación   |9 260380 
583 |a last modification  |c 19890519 00:00:00  |k Rodrigo Vera 
999 |c 217754  |d 217752 
952 |0 0  |1 0  |4 0  |6 306_430000000000000_BER_1988  |7 0  |8 P  |9 205943  |a BIBEDU  |b BIBEDU  |c BIBEDU_PB  |d 2019-11-15  |i 2738953  |o 306.43 BER 1988  |p 2738953  |r 2024-01-25  |w 2019-11-15  |y BK  |k EDU